| 000 | 00852nam a22002777a 4500 | ||
|---|---|---|---|
| 003 | CHAP | ||
| 005 | 20220329141641.0 | ||
| 008 | 971013s1974 r 00010 d | ||
| 010 | _a71688 | ||
| 011 | _a72660 | ||
| 035 | _a82216 | ||
| 040 | _cCHAP | ||
| 082 |
_a338.173 _bB2 |
||
| 110 |
_aBanco Nacional Agropecuario, S.A. México _99865 |
||
| 245 | _aCostos de producción de once cultivos básicos | ||
| 260 |
_aMéxico, D. F. : _bEl Banco, _c1974 |
||
| 300 | _a72 p. | ||
| 590 |
_aBATCH-UPD _b10 _c20130110 _lUCH01 _h1903 |
||
| 590 |
_aBATCH-UPD _b10 _c20130410 _lUCH01 _h1231 |
||
| 590 |
_aBATCH-UPD _b10 _c20130914 _lUCH01 _h1121 |
||
| 590 |
_aCONVERSION _b10 _c20130109 _lUCH01 _h1339 |
||
| 650 | 1 | 4 |
_aCultivos _xCostos de producción. _930247 |
| 901 | _aBK | ||
| 942 | _cLIBRO | ||
| 949 |
_a338.173 B2 _bBC _cC _d33724000490322 _eC _h39972 _i82216 _mD _si |
||
| 999 |
_c71688 _d71688 |
||